Democracia, gobernanza y desarrollo en el Mercosur: hacia un proyecto propio en el siglo XXI /
En este artículo, el autor hace ciertas consideraciones fruto de las lecturas teóricas y sobre su experiencia acerca de la pobreza en América Latina. Así como también habla sobre ciertos conceptos relacionados con la pobreza, tomados principalmente del libro "Imperio" de Negri, como tambié...
Guardado en:
| Hovedforfatter: | |
|---|---|
| Andre forfattere: | |
| Format: | Texto |
| Udgivet: |
UY:
UNESCO. CLACSO
|
| Fag: | |
| Tags: |
Tilføj Tag
Ingen Tags, Vær først til at tagge denne postø!
|
MARC
| LEADER | 00000 a a2200000 04500 | ||
|---|---|---|---|
| 001 | 33949 | ||
| 003 | |||
| 040 | |||
| 020 | |a 9974-0-02-62-1 | ||
| 090 | |a 0001 S572d | ||
| 100 | |a Sierra, Gerónimo de | ||
| 245 | |a Democracia, gobernanza y desarrollo en el Mercosur: hacia un proyecto propio en el siglo XXI / |c Gerónimo de Sierra | ||
| 260 | |a UY: |b UNESCO. CLACSO | ||
| 300 | |a 242 p. | ||
| 520 | |a En este artículo, el autor hace ciertas consideraciones fruto de las lecturas teóricas y sobre su experiencia acerca de la pobreza en América Latina. Así como también habla sobre ciertos conceptos relacionados con la pobreza, tomados principalmente del libro "Imperio" de Negri, como también algunos pensamientos de Celso Furtado | ||
| 650 | |a POBREZA | ||
| 650 | |a LUCHA DE CLASES | ||
| 650 | |a INTEGRACION SOCIAL | ||
| 650 | |a MERCOSUR | ||
| 650 | |a BRASIL | ||
| 700 | |a comp. |a Bernales Alvarado, Manuel |a comp. |a Riella, Alberto |a col. | ||
| 999 | |c 15671 |d 15671 | ||



